| 000 | 00460cam a2200181 4500 | ||
|---|---|---|---|
| 001 | D16399 | ||
| 008 | 090401t1983 xxu||||| |||| 00| 0 eng d | ||
| 035 | _a(Sirsi) u29128 | ||
| 041 | _aeng | ||
| 050 | _a333.33025 | ||
| 110 |
_aRoyal Institution of Chartered Surveyors _94900 |
||
| 245 | _aYear book 1983 | ||
| 260 |
_aEast Grinstead _bThomas Skinner Directories _c1983 |
||
| 300 | _alvi. 1876p. 30cm | ||
| 350 | _a28 | ||
| 942 | _n0 | ||
| 948 | _c04/03/1997 | ||
| 999 |
_c89392 _d89392 |
||